| 000 | 00748nam a2200229 a 4500 | ||
|---|---|---|---|
| 005 | 20250619063854.0 | ||
| 008 | 020829s2001 mx r 000 0 spa d | ||
| 020 | _a8449310040 | ||
| 035 | _aUPN01000118733 | ||
| 049 | _aCG | ||
| 050 | 4 |
_aB3240 F4 _bC6.68 |
|
| 100 | 1 |
_aFeyerabend, Paul K., _d1924- |
|
| 245 | 1 | 3 |
_aLa conquista de la abundancia : _bla abstracción frente a la riqueza del ser / _cPaul Feyerabend ; comp. Bert Terpstra ; tr. Radamés Molina. |
| 260 |
_aBarcelona, Esp. : _bPaidós, _cc2001. |
||
| 300 | _a335 p. | ||
| 440 | 0 |
_aPaidós básica ; _v108 |
|
| 534 |
_pTraducción de: _tConquest of abundance |
||
| 650 | 2 |
_aRealidad _97272 |
|
| 650 | 4 |
_aFilosofía alemana _97273 |
|
| 650 | 7 |
_aAbstracción _2 _917927 |
|
| 905 | _aLibro | ||
| 999 |
_c91097 _d91097 |
||